000 00338 a2200145 4500
005 20250629153506.0
020 _a978-0-718-18462-9
082 _a813.54 CUS
100 _aCUSSLER,C.
245 _aOdessa Sea:
260 _aLondon,
_bPenguin Random House UK,
_c2016.
300 _a486p.
_c25cm
700 _aCussler,Dirk
942 _2ddc
_cBKS
999 _c6431
_d6431